000 00385nam a22001337a 4500
082 _a551
_bCOX
_cL-15, P-59
100 _aCox, Dennis P.
_940160
245 _aIntroductory Geology
_cCox, Dennis P.
260 _aSan Francisco
_bW. H. Freeman and Company
_cc1965.
300 _a140 p.
_bill.
_c29 cm.
526 _a0
_b0
_c0
_d551_000000000000000_COX
650 _aMCE
_9379
942 _2ddc
_cBK
999 _c544519
_d544519